| 000 | 00536nam a2200193Ia 4500 | ||
|---|---|---|---|
| 008 | 240510s9999 xx 000 0 und d | ||
| 020 | _a0003540634371 | ||
| 041 | _aEng | ||
| 082 | _a004 | ||
| 082 | _bP63 | ||
| 100 | _aPrivara, I : Ruzicka, P (Eds) | ||
| 245 | 0 | _aMathematical foundations of computer science 1997: lecture notes in computer science : Proceedings | |
| 260 | _bSpringer: Tokyo | ||
| 260 | _c1997 | ||
| 300 | _a517 p. | ||
| 650 | _aMathematical Foundations : Computer Science | ||
| 942 | _2ddc | ||
| 942 | _cRBK | ||
| 999 |
_c27591 _d27591 |
||
| 945 |
_a1 _bMadushi Gamage _c1 _dMadushi Gamage |
||